A model of information (Record no. 83279)

MARC details
000 -LEADER
fixed length control field 00922cad a22002295a 4500
001 - CONTROL NUMBER
control field L153391
008 - FIXED-LENGTH DATA ELEMENTS--GENERAL INFORMATION
fixed length control field 110720e2011 xxk 000 0 eng d
035 ## - SYSTEM CONTROL NUMBER
System control number (Sirsi) u153391
041 0# - LANGUAGE CODE
Language code of text/sound track or separate title eng
100 1# - MAIN ENTRY--PERSONAL NAME
Personal name Pittard, Steve
245 02 - TITLE STATEMENT
Title A model of information
Remainder of title building information modelling is here to stay
Medium [electronic resource]
260 ## - PUBLICATION, DISTRIBUTION, ETC.
Date of publication, distribution, etc. 2011
490 ## - SERIES STATEMENT
Series statement RICS Building Control
Volume/sequential designation April 2011, 16-17(2)
520 ## - SUMMARY, ETC.
Summary, etc. Explains Building Information Modelling (BIM) which has been around for a while in the manufacturing and engineering industries, and is now making an impact in the construction sector.
590 ## - LOCAL NOTE (RLIN)
Local note KA
650 24 - SUBJECT ADDED ENTRY--TOPICAL TERM
Topical term or geographic name entry element BUILDING INFORMATION MODELLING
650 24 - SUBJECT ADDED ENTRY--TOPICAL TERM
Topical term or geographic name entry element BIM
9 (RLIN) 6219
651 #4 - SUBJECT ADDED ENTRY--GEOGRAPHIC NAME
Geographic name International
690 ## - LOCAL SUBJECT ADDED ENTRY--TOPICAL TERM (OCLC, RLIN)
Topical term or geographic name as entry element BIM
9 (RLIN) 6219
856 40 - ELECTRONIC LOCATION AND ACCESS
Uniform Resource Identifier <a href="https://www.rics.org/site/download_feed.aspx?fileID=9141&fileExtension=PDF">https://www.rics.org/site/download_feed.aspx?fileID=9141&fileExtension=PDF</a>
Public note View this item (member-only access) at www.rics.org/journals
942 ## - ADDED ENTRY ELEMENTS (KOHA)
Suppress in OPAC 0
Holdings
Withdrawn status Lost status Source of classification or shelving scheme Damaged status Not for loan Home library Current library Shelving location Date acquired Total Checkouts Full call number Barcode Date last seen Copy number Price effective from Koha item type
    Dewey Decimal Classification     Virtual Virtual Online 20/07/2011   ONLINE PUBLICATION 153391-1001 06/08/2019 1 06/08/2019 Book